Quizzes
Events
Quiz Creation
Community
Videos
Private Events
Remove Ads
Sign In
Join for FREE
Feedback
Dark Mode
Quiz Categories
Sports
Geography
Music
Movies
Television
Just For Fun
Miscellaneous
History
Literature
Language
Science
Gaming
Entertainment
Religion
Holiday
For Kids
Quiz Lab
Recent
Popular Today
Quiz Kudos Today
Editor Picks
Curator Picks
Quizzes by...
Day
Popularity
Type
Ratings
Length
Year
Community
Subscriptions
Recent Discussions
Orange Saloon
Badges
Playlists
Quests
Create
Leaderboards
Showdown
Live 5
Trivia Bingo
Activity
Puzzle Library
Sporcle Events
Private Events
Virtual Trivia
Globe League
Become a Host
Pub Owners
SporcleCon
Opinionation
Our Games
Videos
Blog
Mobile Apps
Partnerships
Remove Ads and Go Orange
Feedback
Sports
Athletes
MLB
NBA
NHL
NFL
Soccer
Sports Teams
WWE
NCAA
Football
Premier League
Basketball
Baseball
Hockey
Golf
Tennis
Cricket
Rugby
Auto Racing
Olympics
World Cup
Sports
Athletes
MLB
NBA
NHL
NFL
Soccer
Sports Teams
WWE
NCAA
Football
Premier League
Basketball
Baseball
Hockey
Golf
Tennis
Cricket
Rugby
Auto Racing
Olympics
World Cup
Random Quiz
Search Sporcle
×
Quiz Lab
Quiz Lab
Sports
College
Type in answers that appear in a list
Type in answers that appear in a list
Classic
Best Score? Go Orange.
SWAC Basketball Coaches - Last 20 Years Stats
Can you name the SWAC basketball coaches entering each of the last 20 seasons?
By
Feely
20m
206 Questions
112 Plays
112 Plays
112 Plays
Comments
Comments
Give Quiz Kudos
Give Quiz Kudos
-
- Ratings
hide this ad
Replay
Link that replays current quiz
Next Quiz
Link to next quiz in quiz playlist
You Got
0%
They Got
Avg Score
44%
Avg Friend Score
Upgrade to see
Score Distribution
Jump to the score distribution portion of the page
Score
0/206
Timer
20:00
0
Plays Today
Year
Coach
% Correct
2022
Mo Williams
100%
2023
Mo Williams
100%
2022
Johnny Jones
96.8%
2021
Mo Williams
96%
2021
Johnny Jones
96%
2023
Donte Jackson
95%
2023
Johnny Jones
95%
2021
Donte Jackson
94%
2020
Donte Jackson
93.8%
2019
Lewis Jackson
93.6%
2019
Donte Jackson
93.6%
2022
Donte Jackson
93.5%
2018
Lewis Jackson
92.9%
2018
Donte Jackson
92.9%
2017
Lewis Jackson
92.3%
2017
Donte Jackson
92.3%
2020
Johnny Jones
92.3%
2015
Lewis Jackson
90.8%
2016
Lewis Jackson
90.6%
2017
Mike Davis
90.1%
2013
Lewis Jackson
90.1%
2014
Lewis Jackson
89.9%
2015
Mike Davis
89.8%
2016
Mike Davis
89.6%
2012
Lewis Jackson
89.3%
2013
Mike Davis
89.1%
2014
Mike Davis
88.9%
2005
Lewis Jackson
88.4%
2006
Lewis Jackson
88.4%
2007
Lewis Jackson
88.4%
2008
Lewis Jackson
88.4%
2009
Lewis Jackson
88.4%
2010
Lewis Jackson
88.4%
2011
Lewis Jackson
88.4%
2012
Mike Davis
88.3%
2020
Mo Williams
87.7%
2022
Byron Smith
87.1%
2019
Johnny Jones
85.9%
2018
Johnny Jones
85.7%
2022
Robert McCullum
83.9%
2021
Byron Smith
82%
2017
Byron Smith
80.2%
2016
Byron Smith
80.2%
2020
Byron Smith
80%
2023
Reggie Theus
80%
2023
Robert McCullum
80%
2023
Byron Smith
80%
2018
Byron Smith
79.8%
2008
Larry Smith
78.6%
2009
Larry Smith
78.6%
2010
Larry Smith
78.6%
2019
Byron Smith
78.2%
2021
Robert McCullum
76%
2012
Tevester Anderson
73.8%
2004
Tevester Anderson
73.2%
2005
Tevester Anderson
73.2%
2006
Tevester Anderson
73.2%
2007
Tevester Anderson
73.2%
2008
Tevester Anderson
73.2%
2009
Tevester Anderson
73.2%
2010
Tevester Anderson
73.2%
2011
Tevester Anderson
73.2%
2019
Montez Robinson
71.8%
2017
Montez Robinson
71.4%
2018
Montez Robinson
71.4%
2023
Tony Madlock
70%
2023
Solomon Bozeman
70%
2016
Montez Robinson
69.8%
2015
Montez Robinson
69.4%
Year
Coach
% Correct
2023
Landon Bussie
65%
2023
Kevin Johnson
65%
2022
Reggie Theus
64.5%
2021
Sean Woods
64%
2005
James Green
62.5%
2006
James Green
62.5%
2007
James Green
62.5%
2021
Lindsey Hunter
62%
2020
Sean Woods
61.5%
2023
George Ivory
60%
2018
Sean Woods
59.5%
2019
Sean Woods
59%
2008
Sean Woods
58.9%
2009
Sean Woods
58.9%
2010
Sean Woods
58.9%
2011
Sean Woods
58.9%
2020
Lindsey Hunter
58.5%
2021
Reggie Theus
58%
2021
Wayne Brent
56%
2020
George Ivory
55.4%
2022
Solomon Bozeman
54.8%
2022
Sean Woods
54.8%
2020
Wayne Brent
53.8%
2019
Lindsey Hunter
52.6%
2021
Dylan Howard
52%
2022
Tony Madlock
51.6%
2022
Landon Bussie
51.6%
2022
George Ivory
51.6%
2019
George Ivory
51.3%
2019
Wayne Brent
50%
2018
George Ivory
48.8%
2021
Landon Bussie
48%
2018
Wayne Brent
47.6%
2013
Roman Banks
46.5%
2017
George Ivory
46.2%
2012
Roman Banks
45.6%
2004
L. Vann Pettaway
45.5%
2005
L. Vann Pettaway
45.5%
2006
L. Vann Pettaway
45.5%
2007
L. Vann Pettaway
45.5%
2008
L. Vann Pettaway
45.5%
2009
L. Vann Pettaway
45.5%
2010
L. Vann Pettaway
45.5%
2014
Roman Banks
45.5%
2023
Otis Hughley
45%
2015
George Ivory
44.9%
2015
Roman Banks
44.9%
2016
George Ivory
44.8%
2016
Roman Banks
44.8%
2012
George Ivory
44.7%
2011
Roman Banks
44.6%
2020
Dylan Howard
44.6%
2013
George Ivory
44.6%
2014
George Ivory
44.4%
2017
Wayne Brent
44%
2015
Wayne Brent
43.9%
2015
Byron Rimm II
43.9%
2016
Wayne Brent
43.8%
2013
Wayne Brent
43.6%
2013
Byron Rimm II
43.6%
2014
Wayne Brent
43.4%
2014
Byron Rimm II
43.4%
2008
George Ivory
42.9%
2009
George Ivory
42.9%
2010
George Ivory
42.9%
2011
George Ivory
42.9%
2012
Byron Rimm II
42.7%
2021
Solomon Bozeman
42%
2006
Byron Rimm II
41.1%
Year
Coach
% Correct
2007
Byron Rimm II
41.1%
2008
Byron Rimm II
41.1%
2009
Byron Rimm II
41.1%
2010
Byron Rimm II
41.1%
2011
Byron Rimm II
41.1%
2019
Dylan Howard
39.7%
2013
Chico Potts
38.6%
2020
Landon Bussie
38.5%
2018
Dylan Howard
38.1%
2018
Andre Payne
38.1%
2012
Chico Potts
37.9%
2015
Shawn Walker
37.8%
2014
Shawn Walker
37.4%
2015
Andre Payne
36.7%
2004
Rob Spivery
36.6%
2005
Rob Spivery
36.6%
2006
Rob Spivery
36.6%
2007
Rob Spivery
36.6%
2008
Rob Spivery
36.6%
2009
Rob Spivery
36.6%
2010
Rob Spivery
36.6%
2016
Shawn Walker
36.5%
2016
Andre Payne
36.5%
2014
Andre Payne
36.4%
2017
Andre Payne
36.3%
2013
Willie Hayes
33.7%
2012
Willie Hayes
33%
2015
Willie Hayes
32.7%
2014
Willie Hayes
32.3%
2016
Willie Hayes
32.3%
2011
Willie Hayes
32.1%
2022
Otis Hughley
29%
2008
Rick Duckett
28.6%
2013
Luther Riley
26.7%
2014
Luther Riley
26.3%
2012
Luther Riley
26.2%
2004
Michael Grant
25.9%
2004
Lafayette Stribling
25%
2011
Luther Riley
25%
2009
Robert Washington
23.2%
2010
Robert Washington
23.2%
2011
Robert Washington
23.2%
2008
Tony Harvey
22.3%
2009
Tony Harvey
22.3%
2010
Tony Harvey
22.3%
2011
Tony Harvey
22.3%
2007
Robert Moreland
17.9%
2004
Larry Wright
17%
2005
Larry Wright
17%
2006
Larry Wright
17%
2007
Larry Wright
17%
2017
Morris Scott
16.5%
2004
Samuel West
15.2%
2005
Samuel West
15.2%
2006
Samuel West
15.2%
2007
Samuel West
15.2%
2004
Van Holt
10.7%
2005
Van Holt
10.7%
2006
Van Holt
10.7%
2007
Van Holt
10.7%
2013
Joseph Price
9.9%
2012
Joseph Price
9.7%
2004
Ronnie Courtney
8.9%
2005
Ronnie Courtney
8.9%
2006
Ronnie Courtney
8.9%
2017
Donnie Marsh
8.8%
2004
Jerry Francis
4.5%
2005
Darrell Hawkins
2.7%
Quiz Playlist
Details
Report
Send in Message
Add To Playlist
Classic:
Type in answers that appear in a list
Last Updated: May 25, 2017
Quiz Scoreboard
CHALLENGE
Sign Up to Join the Scoreboard
Show All
Scores
Hide
Comments
May contain spoilers
Recently Published
9x9 Crossword: Cartoon Network
by jackfrog10
Miscellaneous
3m
College Basketball Coaching Resumes
by pancakes188
Sports
9m
Billboard Blitz: Fleetwood Mac
by CooCooCachoo
Music
15s
More to Explore
Quiz From the Vault
Featured Blog Post
Where Did the Easter Bunny Come From?
hide this ad
You Might Also Like...
Tags
Basketball Quiz
College Quiz
coach
last
season
Today's Top Quizzes in Sports
Browse Sports
hide this ad
Today's Top Quizzes in College
Browse College
Top Contributed Quizzes in Sports
1
2022 World Cup Stars
2
Les meilleurs buteurs des matchs entre le PSG et l’OM
3
FIFA Club World Cup Champions
4
Les entraîneurs de l'OM et du PSG au 21e siècle
5
Criteria MLB: Left Handed Sluggers
6
AFC Teams Reveal (Wrong Answers Minefield)
7
2023 MLB Unique Player Accomplishments
8
5-to-1: FBS Animal Nicknames
9
Players with Multiple 50 Home Run Seasons
10
5-to-1: UK Sports Teams
Explore More
Trending Topics
Marvel
Harry Potter
Kpop
Anime
Crossword
Disney
NBA
WWE
The Office
Country
Pokémon
Soccer
NFL
Song
Puzzle
hide this ad
More By:
Feely
Quiz
Plays
Rating
Category
Featured
Created
NBA Top 200 Scorers (2000s)
552,262
4.62
Sports
Oct 3, 2010
NCAA Tournament #1 Seeds
550,136
4.69
Sports
Oct 12, 2009
NBA Opening Day Alma Maters (2010)
136,757
4.39
Sports
Oct 29, 2010
NBA Top 200 Scorers (2015-16)
128,122
4.72
Sports
Apr 14, 2016
NBA Draft Lottery Picks
127,738
4.47
Sports
Jan 13, 2012
Go to Creator's Profile
Score Distribution
Quiz Creator Spotlight
Feely
Follow
Send a Message
Quizzes Created
-
Created Quiz Play Count
-
More By This Creator
Popular Quizzes Today
1
Find the US States - No Outlines Minefield
2
Find the Countries of Europe - No Outlines Minefield
3
The Countries of the World
4
Find the US States
5
Risky Map Clicking: Biggest States A-Z
6
US States
7
Popular People in 1961
8
Movies - When Are They Set?
More Sports Quizzes
Cy Young Winners with Multiple Teams
Curator's Pick
Trending Quizzes
Risky Map Clicking: Least Populous States A-Z
1-10 Letter G Words
1-10 Letter F Words
Risky Map Clicking: Next State Alphabetically
Adjectives in 80s TV Shows
Recently Updated
Leaping Animals
pecheneg
Reality TV Shows (A-Z)
bhenderson79
Rickey Henderson's Hall of Fame Teammates
pecheneg
Champions League XIs: Arsenal
pecheneg
Quick Pick: Celebrities in WWE's Hall of Fame
aduchscher
A-Z Keypad Blitz II
pecheneg
Multiple Oscar Actors
pecheneg
Mystery Phrase Blitz: Oscar 'Best Actors'
pecheneg
F. Scott Fitzgerald Novels
LTH
Pick 3 Villains
ddd62291
Trending Topics
Anime
Harry Potter
Kpop
NBA
Disney
Marvel
Crossword
The Office
NFL
Soccer
Song
WWE
Pokémon
Puzzle
Country
Your Account Isn't Verified!
In order to create a playlist on Sporcle, you need to verify the email address you used during registration. Go to your
Sporcle Settings
to finish the process.
Report this User
Report this user for behavior that violates our
Community Guidelines
.
Details:
Send Report
Go to the Sporcle.com Mobile Site →
Comments